000 00941nam a22003137a 4500
001 0012568
003 KOHA_MİRAKIL
005 20260207001856.0
007 ta
008 100201b1985 tu |||gr||||#||||1|tur |
040 _aTR-BiSEU
_btur
_cTR-BiSEU
_erda
041 0 _atur
044 _ctu
050 _aPN2039
_b.F37 1985
100 0 _aFarabi.
245 1 _aFarabi :
_bEl-Medinet'ül fadıla :
_b(erdemli şehir)/
_cFarabi ; Hüseyin İsmail Mekki; çeviren Abdullah Ö.
264 1 _a :
_b
_c1985
300 _a93 sayfa
336 _ametin
_btxt
_2rdacontent
337 _aaracısız
_bn
_2rdamedia
338 _acilt
_bnc
_2rdacarrier
490 1 _aDiyanet İşleri Başkanlığı Yayınları ;
_vno.
490 1 _a248.
650 0 _aTiyatro--Felsefe.
_930341
650 0 _aTheatre--Philosophy.
_930342
830 1 _aDiyanet İşleri Başkanlığı Yayınları ;
_vno.
_930343
830 1 _a248.
_930344
942 _2lcc
_cBK
999 _c12537
_d12537